[Event "Essent open"]
[Site "Hoogeveen"]
[Date "2005.10.27"]
[Round "7"]
[White "Jens, Jelmer"]
[Black "Kolev, Atanas"]
[Result "0-1"]
[WhiteElo "2366"]
[BlackElo "2559"]
[PlyCount "90"]
[EventDate "2005.10.21"]

1. e4 e5 2. Nf3 Nc6 3. Bb5 a6 4. Ba4 Nf6 5. O-O Be7 6. Re1 b5 7. Bb3 d6 8. c3
O-O 9. h3 Na5 10. Bc2 c5 11. d4 Qc7 12. Nbd2 cxd4 13. cxd4 Rd8 14. b3 Bb7 15.
Bb2 Nc6 16. Rc1 Qb6 17. a3 exd4 18. b4 Bf8 19. Nb3 d5 20. e5 Ne4 21. Qd3 g6 22.
Nbxd4 a5 23. Qxb5 Qxb5 24. Nxb5 axb4 25. axb4 Ra2 26. Rb1 Nxb4 27. Bb3 Ra5 28.
Nbd4 Nd3 29. Re2 Re8 30. Rd1 Ba6 31. Ra1 Rxa1+ 32. Bxa1 Ndc5 33. Re1 Bc4 34.
Bc2 Ra8 35. Bb2 Ra2 36. Bc1 Bd3 37. Bb3 Nxb3 38. Nxb3 Bb4 39. Re3 Bc4 40. Kh2
Rxf2 41. Nbd4 Ra2 42. e6 fxe6 43. Nxe6 Bd6+ 44. Kg1 Ra1 45. Re1 Bg3 0-1

[Event "Essent open"]
[Site "Hoogeveen"]
[Date "2005.10.27"]
[Round "7"]
[White "Spoelman, Wouter"]
[Black "Wells, Peter Kenneth"]
[Result "0-1"]
[WhiteElo "2362"]
[BlackElo "2513"]
[PlyCount "144"]
[EventDate "2005.10.21"]

1. e4 c5 2. Nf3 Nc6 3. d4 cxd4 4. Nxd4 Nf6 5. Nc3 d6 6. Bg5 e6 7. Qd2 Be7 8.
O-O-O O-O 9. f4 Nxd4 10. Qxd4 Qa5 11. Bc4 Bd7 12. e5 dxe5 13. fxe5 Bc6 14. Bd2
Nd7 15. Nd5 Qd8 16. Nxe7+ Qxe7 17. Rhe1 Rfd8 18. Qg4 Nf8 19. Bd3 Rd5 20. Bb4
Qd8 21. Qg3 Ng6 22. c4 Rd7 23. Bxg6 hxg6 24. Bd6 Qa5 25. Kb1 b5 26. c5 Qb4 27.
Ka1 a5 28. Re2 Qxc5 29. Red2 Qc4 30. Rd4 Qc2 31. R4d2 Qc4 32. Rd4 Qe2 33. R4d2
Qe4 34. Re1 Qf5 35. Rf2 Qh5 36. Rc1 Bd5 37. h4 b4 38. Qg5 f6 39. Qg3 f5 40. Qg5
Kf7 41. Rfc2 Rad8 42. b3 Kg8 43. Rf2 Ra8 44. Rfc2 a4 45. Rc8+ Rxc8 46. Rxc8+
Kh7 47. Qxh5+ gxh5 48. g3 axb3 49. axb3 Ra7+ 50. Kb2 Ra3 51. Rc3 bxc3+ 52. Kxa3
g5 53. hxg5 Kg6 54. Be7 c2 55. Kb2 Bxb3 56. Kc1 Ba4 57. Kd2 f4 58. gxf4 h4 59.
Bc5 Kf5 60. Bg1 Kxf4 61. g6 Be8 62. g7 Bf7 63. Bh2+ Kf3 64. Kxc2 h3 65. Kd3 Kg2
66. Bf4 h2 67. Bxh2 Kxh2 68. Kd4 Kg3 69. Kc5 Kf4 70. Kd6 Bg8 71. Ke7 Kxe5 72.
Kf8 Bh7 0-1

[Event "Essent open"]
[Site "Hoogeveen"]
[Date "2005.10.27"]
[Round "7"]
[White "Grooten, Herman"]
[Black "Henrichs, Thomas"]
[Result "1/2-1/2"]
[WhiteElo "2350"]
[BlackElo "2447"]
[PlyCount "156"]
[EventDate "2005.10.21"]

1. d4 Nf6 2. c4 e6 3. Nf3 d5 4. cxd5 exd5 5. Nc3 c6 6. Qc2 Be7 7. Bf4 g6 8. Ne5
Bf5 9. Qd2 Nbd7 10. f3 O-O 11. g4 Be6 12. Bg2 Nxe5 13. Bxe5 Nd7 14. Bg3 f5 15.
gxf5 Bxf5 16. O-O Bg5 17. e3 Qe7 18. Rae1 Rae8 19. Bf2 Qe6 20. Qd1 Bh3 21. e4
Bxg2 22. Kxg2 dxe4 23. fxe4 Bf4 24. d5 Qe7 25. Qb3 c5 26. d6+ Qe6 27. Qxb7 Bxd6
28. Qd5 Nf6 29. Qxe6+ Rxe6 30. Rd1 Be5 31. Bxc5 Rb8 32. Na4 Nxe4 33. Bxa7 Ra8
34. Rfe1 Bxb2 35. Nxb2 Rxa7 36. a4 Re5 37. h4 Rc5 38. Rxe4 Rc2+ 39. Kf3 Rxb2
40. Ra1 Rf7+ 41. Ke3 Rb3+ 42. Kd4 Rb4+ 43. Kd5 Rf5+ 44. Re5 Rff4 45. a5 Rbc4
46. Kd6 Rf6+ 47. Re6 Rff4 48. a6 Rfd4+ 49. Ke7 Rc7+ 50. Kf6 Rf4+ 51. Ke5 Rf5+
52. Kd6 Rff7 53. Ra5 Kg7 54. Rb5 Kh6 55. Re4 Rfd7+ 56. Ke5 Re7+ 57. Kd4 Rxe4+
58. Kxe4 Rc4+ 59. Kd5 Ra4 60. Rb6 Kh5 61. Kc5 Ra5+ 62. Kb4 Ra1 63. Rb5+ Kxh4
64. Ra5 Rb1+ 65. Kc5 Rb8 66. Kc6 g5 67. a7 Rc8+ 68. Kb7 Rg8 69. a8=Q Rxa8 70.
Rxa8 g4 71. Kc6 g3 72. Kd5 g2 73. Rg8 Kh3 74. Ke4 Kh2 75. Rh8 g1=Q 76. Rxh7+
Kg2 77. Rg7+ Kf2 78. Rxg1 Kxg1 1/2-1/2

[Event "Essent open"]
[Site "Hoogeveen"]
[Date "2005.10.27"]
[Round "7"]
[White "Pruijssers, Roeland"]
[Black "Hoeksema, Erik"]
[Result "0-1"]
[WhiteElo "2310"]
[BlackElo "2401"]
[PlyCount "72"]
[EventDate "2005.10.21"]

1. e4 c5 2. Nf3 d6 3. d4 cxd4 4. Nxd4 Nf6 5. Nc3 Nc6 6. Bg5 e6 7. Qd2 a6 8.
O-O-O Nxd4 9. Qxd4 Be7 10. f4 b5 11. Be2 Bb7 12. Bf3 Rc8 13. Bxf6 gxf6 14. f5
Qa5 15. fxe6 fxe6 16. Kb1 Rc4 17. Qd3 Kd7 18. Ne2 Rg8 19. Nd4 Qb6 20. Rhe1 Rg5
21. c3 h5 22. Rd2 Re5 23. Bd1 f5 24. Qg3 Bxe4+ 25. Ka1 Rd5 26. Qg7 e5 27. Nxf5
Rxd2 28. Qxe7+ Kc8 29. Bb3 Qf2 30. Qf8+ Kc7 31. Qe7+ Kb8 32. Rc1 Qxf5 33. Bxc4
bxc4 34. Qd8+ Qc8 35. Qb6+ Qb7 36. Qd8+ Ka7 0-1

[Event "Essent open"]
[Site "Hoogeveen"]
[Date "2005.10.27"]
[Round "7"]
[White "Brandenburg, Daan"]
[Black "Habu, Yoshiharu"]
[Result "1/2-1/2"]
[WhiteElo "2395"]
[BlackElo "2341"]
[PlyCount "49"]
[EventDate "2005.10.21"]

1. e4 e6 2. d4 d5 3. Nd2 c5 4. exd5 exd5 5. Ngf3 Nc6 6. Bb5 Bd6 7. Qe2+ Nge7 8.
dxc5 Bxc5 9. Nb3 Bd6 10. O-O O-O 11. h3 h6 12. c3 Re8 13. Re1 Bd7 14. Qd1 Qc7
15. Nbd4 Ng6 16. Be3 Bf4 17. Qd2 Bxe3 18. Rxe3 Rxe3 19. Qxe3 Re8 20. Qd2 Nf4
21. Bf1 Nxd4 22. Qxd4 b6 23. Re1 Rxe1 24. Nxe1 Bc6 25. Qe3 1/2-1/2

[Event "Essent open"]
[Site "Hoogeveen"]
[Date "2005.10.27"]
[Round "7"]
[White "Vedder, Richard"]
[Black "Sareen, Vishal"]
[Result "0-1"]
[WhiteElo "2224"]
[BlackElo "2375"]
[PlyCount "120"]
[EventDate "2005.10.21"]

1. e4 c5 2. Nf3 d6 3. Nc3 Nc6 4. Bb5 Bd7 5. Bxc6 Bxc6 6. d4 cxd4 7. Qxd4 e5 8.
Qd3 Be7 9. O-O Nf6 10. Bg5 O-O 11. Rfd1 Ne8 12. Bxe7 Qxe7 13. Nd5 Bxd5 14. Qxd5
Rc8 15. c3 Rc5 16. Qd3 Rc6 17. Nd2 Nc7 18. Nc4 Rd8 19. Ne3 g6 20. Rd2 Qg5 21.
g3 h5 22. h4 Qf6 23. Kg2 Kg7 24. Rf1 Qe7 25. f4 exf4 26. Nd5 Nxd5 27. exd5 Ra6
28. Rxf4 Re8 29. Rdf2 f5 30. b4 Ra3 31. R4f3 Qe4 32. Rc2 Qxd3 33. Rxd3 Kf6 34.
Kf2 Re4 35. Rd4 Rxc3 36. Rxc3 Rxd4 37. a3 Rxd5 38. Rc7 Rb5 39. Rd7 Ke6 40. Rg7
Kf6 41. Rd7 Rb6 42. Ke3 g5 43. hxg5+ Kxg5 44. Rg7+ Kf6 45. Rh7 Ra6 46. Kf4 Rxa3
47. Rxh5 Ke6 48. Rh6+ Kd5 49. Rf6 Rb3 50. Rxf5+ Ke6 51. Rb5 b6 52. Rg5 Rxb4+
53. Ke3 a5 54. Kd3 a4 55. Rg8 a3 56. Kc2 Rb2+ 57. Kc1 b5 58. g4 b4 59. Re8+ Kf7
60. Re3 Rg2 0-1

[Event "Essent open"]
[Site "Hoogeveen"]
[Date "2005.10.27"]
[Round "7"]
[White "Souleidis, Georgios"]
[Black "Kleijn, Christov"]
[Result "1-0"]
[WhiteElo "2421"]
[BlackElo "2059"]
[PlyCount "75"]
[EventDate "2005.10.21"]

1. d4 Nf6 2. Nf3 g6 3. Nc3 d5 4. Bf4 Bg7 5. e3 c6 6. Be2 O-O 7. Ne5 Nfd7 8. h4
Nxe5 9. Bxe5 f6 10. Bg3 e5 11. h5 Bf5 12. hxg6 Bxg6 13. Bh5 Qe8 14. Bxg6 Qxg6
15. Qd2 Nd7 16. O-O-O Nb6 17. Rh4 Rae8 18. Rdh1 Rf7 19. Qd1 Rfe7 20. Rxh7 Qxh7
21. Rxh7 Kxh7 22. Qh5+ Kg8 23. Ne2 Nc4 24. Qg6 Rf7 25. b3 Nb6 26. Bh4 Nc8 27.
c3 Ne7 28. Qh5 Kf8 29. Ng3 Kg8 30. dxe5 fxe5 31. Bxe7 Rexe7 32. Nf5 Re6 33. f3
d4 34. e4 c5 35. g4 Rc7 36. Kc2 c4 37. bxc4 Rxc4 38. Qg5 1-0

[Event "Essent open"]
[Site "Hoogeveen"]
[Date "2005.10.27"]
[Round "7"]
[White "Doggers, Peter"]
[Black "Fominykh, Maria"]
[Result "1/2-1/2"]
[WhiteElo "2239"]
[BlackElo "2335"]
[PlyCount "60"]
[EventDate "2005.10.21"]

1. e4 d6 2. d4 Nf6 3. Nc3 g6 4. Be3 c6 5. Qd2 b5 6. Bd3 Ng4 7. Bg5 h6 8. Bh4
Bg7 9. Nf3 a6 10. h3 Nf6 11. e5 b4 12. Ne2 Nd5 13. c4 bxc3 14. bxc3 O-O 15. O-O
g5 16. Bg3 f5 17. exf6 Nxf6 18. Rab1 Be6 19. Rfe1 Nbd7 20. Nh2 Nh5 21. h4 Qa5
22. hxg5 Qxg5 23. Qxg5 hxg5 24. Bg6 Bf7 25. Bxf7+ Kxf7 26. Rb7 Rfd8 27. f4 Nxg3
28. Nxg3 gxf4 29. Nh5 Bh6 30. Ng4 Bg5 1/2-1/2

[Event "Essent open"]
[Site "Hoogeveen"]
[Date "2005.10.27"]
[Round "7"]
[White "Van Beek, Alexander"]
[Black "Ouwendijk, Vincent"]
[Result "1/2-1/2"]
[WhiteElo "2334"]
[BlackElo "2107"]
[PlyCount "161"]
[EventDate "2005.10.21"]

1. d4 Nf6 2. c4 g6 3. Nc3 Bg7 4. e4 d6 5. h3 O-O 6. Bg5 Nbd7 7. Bd3 h6 8. Be3
e5 9. d5 Nc5 10. Bc2 a5 11. Qd2 Kh7 12. g4 Qe8 13. Nge2 Bd7 14. Ng3 b5 15. cxb5
Bxb5 16. f3 Rb8 17. h4 Bd7 18. O-O-O Rb4 19. g5 Nh5 20. Nxh5 gxh5 21. Rdg1 Qb8
22. Nd1 Na4 23. b3 Nc5 24. gxh6 Bh8 25. Bxc5 dxc5 26. Qg5 Qb6 27. Ne3 Qxh6 28.
Qxh6+ Kxh6 29. Rg5 Bf6 30. Nf5+ Bxf5 31. Rxf5 Bg7 32. Rg1 Rb6 33. f4 Rg6 34.
Rxg6+ fxg6 35. Rxf8 Bxf8 36. fxe5 g5 37. hxg5+ Kxg5 38. Kd2 Kf4 39. e6 Bd6 40.
Ke2 h4 41. Kf2 h3 42. Bd3 Ke5 43. Kg3 Kd4+ 44. e5 Kxe5 45. Bc4 Ke4+ 46. Kxh3
Kf3 47. Kh4 Kf4 48. Kh5 Kf5 49. Bd3+ Kf6 50. Kg4 Be5 51. Kf3 Ke7 52. Ke4 Bg3
53. Bb5 Kd6 54. Kd3 Be1 55. Kc4 Bf2 56. Bc6 Be3 57. Kb5 Bd2 58. Ka6 Be1 59. Kb7
Bg3 60. Bb5 Bh4 61. Bc6 Bg3 62. Ka6 Be1 63. Kb5 Bd2 64. Bb7 Be1 65. e7 Kxe7 66.
Kxc5 Kd7 67. a3 Bd2 68. Kc4 Kd6 69. b4 axb4 70. a4 b3 71. Kxb3 Kc5 72. Bc6 Ba5
73. Kc2 Kc4 74. Kd1 Kd3 75. Bb5+ Kd4 76. Bc6 Kd3 77. Kc1 Kc3 78. Kb1 Kb3 79.
Kc1 Kc3 80. Bb5 Kd4 81. Bc6 1/2-1/2

[Event "Essent open"]
[Site "Hoogeveen"]
[Date "2005.10.27"]
[Round "7"]
[White "Weisbuch, Udi"]
[Black "Meijer, Dolf"]
[Result "1/2-1/2"]
[WhiteElo "2299"]
[BlackElo "2226"]
[PlyCount "68"]
[EventDate "2005.10.21"]

{**Extended header information:|||S2/ ... moves||**} 1. e4 d5 2. exd5 Nf6 3. d4
Bg4 4. Be2 Bxe2 5. Qxe2 Qxd5 6. Nf3 e6 7. O-O Nc6 8. Rd1 O-O-O 9. c4 Qh5 10.
Nc3 Be7 11. Be3 Rhg8 12. a3 g5 13. b4 Bd6 14. g3 Ng4 15. b5 Ne7 16. c5 Bf4 17.
b6 cxb6 18. cxb6 a6 19. d5 Bxe3 20. fxe3 exd5 21. Nxd5 Nxd5 22. Rxd5 Kb8 23.
Rxd8+ Rxd8 24. Rd1 Rc8 25. Ne5 f5 26. Nxg4 fxg4 27. Qd3 Qe8 28. Qd6+ Ka8 29.
Qd4 h5 30. e4 h4 31. Qd7 Qf8 32. Qf5 Qe8 33. Qxg4 hxg3 34. hxg3 Qc6 1/2-1/2

[Event "Essent open"]
[Site "Hoogeveen"]
[Date "2005.10.27"]
[Round "7"]
[White "Ahlers, Ben"]
[Black "Wiersma, Eelke"]
[Result "0-1"]
[WhiteElo "2198"]
[BlackElo "2431"]
[PlyCount "84"]
[EventDate "2005.10.21"]

1. d4 d5 2. c4 e6 3. Nc3 c5 4. cxd5 exd5 5. Nf3 Nc6 6. g3 Nf6 7. Bg2 Be7 8. O-O
O-O 9. dxc5 Bxc5 10. Bg5 d4 11. Bxf6 Qxf6 12. Nd5 Qd8 13. Nd2 Re8 14. Re1 Bg4
15. Nb3 Bb6 16. Rc1 Ba5 17. Nxa5 Qxa5 18. b4 Nxb4 19. Qd2 Nc6 20. Qxa5 Nxa5 21.
Nc7 d3 22. Nxe8 d2 23. Nd6 Rb8 24. Red1 dxc1=Q 25. Rxc1 Kf8 26. h3 Be6 27. a3
Ke7 28. Nxb7 Nxb7 29. Rc7+ Kd6 30. Rxb7 Rxb7 31. Bxb7 Bxh3 32. f4 Kc5 33. e4 f6
34. Kf2 Kd4 35. Bc6 Bg4 36. Bb7 g5 37. Bc6 h6 38. Bb7 Bd1 39. Bc6 a5 40. Bb7
Bc2 41. Kf3 h5 42. Bc6 Bxe4+ 0-1

[Event "Essent open"]
[Site "Hoogeveen"]
[Date "2005.10.27"]
[Round "7"]
[White "Van Veen, Oscar"]
[Black "Schuurman, Petra"]
[Result "1/2-1/2"]
[WhiteElo "2207"]
[BlackElo "2279"]
[PlyCount "23"]
[EventDate "2005.10.21"]

1. e4 c6 2. Nc3 d5 3. Nf3 Bg4 4. h3 Bxf3 5. Qxf3 e6 6. Be2 Nd7 7. O-O Ngf6 8.
d4 dxe4 9. Nxe4 Nxe4 10. Qxe4 Nf6 11. Qd3 Qc7 12. Bg5 1/2-1/2

[Event "Essent open"]
[Site "Hoogeveen"]
[Date "2005.10.27"]
[Round "7"]
[White "De Jong, Migchiel"]
[Black "Van Opheusden, Bas"]
[Result "1/2-1/2"]
[WhiteElo "2277"]
[BlackElo "2190"]
[PlyCount "109"]
[EventDate "2005.10.21"]

1. Nf3 c5 2. g3 d5 3. Bg2 Nc6 4. O-O e5 5. d3 f6 6. c4 Nge7 7. Nc3 Be6 8. b3
Qd7 9. e3 Rd8 10. Bb2 d4 11. exd4 cxd4 12. Ne4 Ng6 13. a3 a5 14. Re1 Be7 15. h4
Bg4 16. Qc2 O-O 17. Nh2 Bh3 18. Bh1 f5 19. Nd2 Bd6 20. h5 Nge7 21. Qd1 Qe8 22.
Bg2 Bxg2 23. Kxg2 Kh8 24. Qe2 Ng8 25. Rh1 Nf6 26. h6 g5 27. f3 Qg6 28. Nhf1 g4
29. Re1 gxf3+ 30. Nxf3 Bc7 31. Bc1 e4 32. Nh4 Qh5 33. Qxh5 Nxh5 34. dxe4 fxe4
35. Rxe4 Rxf1 36. Rxf1 Nxg3 37. Rf7 Nxe4 38. Rxc7 Ne5 39. Nf3 Nd3 40. Bd2 Rg8+
41. Rg7 Rxg7+ 42. hxg7+ Kxg7 43. Bxa5 Nf4+ 44. Kf1 d3 45. Nd2 Ng3+ 46. Kf2 Nge2
47. Ke3 Kf6 48. Bc7 Kf5 49. a4 h5 50. Nf3 Ne6 51. Bd6 N6d4 52. Nxd4+ Nxd4 53.
b4 Ke6 54. Kxd3 Nc6 55. Bg3 1/2-1/2

[Event "Essent open"]
[Site "Hoogeveen"]
[Date "2005.10.27"]
[Round "7"]
[White "Clemens, Adrian"]
[Black "Giddins, Stephen"]
[Result "1-0"]
[WhiteElo "2272"]
[BlackElo "2200"]
[PlyCount "39"]
[EventDate "2005.10.21"]

1. d4 d5 2. c4 dxc4 3. Nf3 Nf6 4. e3 e6 5. Bxc4 c5 6. Qe2 a6 7. dxc5 Bxc5 8.
O-O Nc6 9. e4 Nd4 10. Nxd4 Qxd4 11. Be3 Qe5 12. Bxc5 Qxc5 13. Nd2 b5 14. Bd3
Bb7 15. Rac1 Qb6 16. e5 Nd7 17. a4 Nc5 18. a5 Qa7 19. Bxb5+ axb5 20. Qxb5+ 1-0

[Event "Essent open"]
[Site "Hoogeveen"]
[Date "2005.10.27"]
[Round "7"]
[White "Potze, Rudolf"]
[Black "Bitalzadeh, Ali"]
[Result "0-1"]
[WhiteElo "2128"]
[BlackElo "2267"]
[PlyCount "61"]
[EventDate "2005.10.21"]

1. e4 c5 2. c3 b6 3. d4 Bb7 4. f3 g6 5. Be3 Qc8 6. Na3 Bg7 7. Bc4 cxd4 8. cxd4
Nf6 9. Rc1 Qd8 10. Ne2 O-O 11. Bb3 Nc6 12. O-O Rc8 13. e5 Ne8 14. f4 Na5 15.
Bc2 d6 16. Ng3 Nc7 17. Bb1 Nd5 18. Bd2 Nc6 19. Nc2 b5 20. Kh1 Qb6 21. exd6 exd6
22. f5 Nxd4 23. fxg6 hxg6 24. Ne3 Rxc1 25. Bxc1 Re8 26. Ng4 Qc6 27. Rf2 Nf6 28.
Nh6+ Bxh6 29. Bxh6 Ng4 30. Qxg4 Qxg2+ 31. Rxg2 0-1

[Event "Essent open"]
[Site "Hoogeveen"]
[Date "2005.10.27"]
[Round "7"]
[White "Wempe, Joost"]
[Black "Holscher, Peter"]
[Result "1-0"]
[WhiteElo "2221"]
[BlackElo "2069"]
[PlyCount "109"]
[EventDate "2005.10.21"]

1. d4 d5 2. c4 c6 3. Nf3 Nf6 4. Nc3 dxc4 5. g3 Bf5 6. Bg2 e6 7. O-O Bb4 8. Ne5
Nbd7 9. Nxc4 O-O 10. Qb3 Bxc3 11. bxc3 Nb6 12. Ba3 Nxc4 13. Bxf8 Nd2 14. Qxb7
Nxf1 15. Be7 Qc8 16. Qxc8+ Rxc8 17. Kxf1 Nd5 18. Bb4 Bc2 19. Rc1 Ba4 20. Bc5 a5
21. c4 Nb4 22. a3 Na2 23. Rb1 f5 24. Bd6 Rd8 25. Be5 Rd7 26. Rb6 c5 27. Rxe6
Nc3 28. Ba8 cxd4 29. Rd6 Rxd6 30. Bxd6 Bd1 31. c5 Bxe2+ 32. Ke1 Bc4 33. Be5 Nb1
34. c6 d3 35. Bf4 Nxa3 36. c7 Nc2+ 37. Kd2 Ba6 38. Bd5+ Kf8 39. Be6 g6 40.
c8=Q+ Bxc8 41. Bxc8 Kf7 42. Kxd3 Nb4+ 43. Kc4 Kf6 44. Bc7 Nc6 45. Bd7 Ne5+ 46.
Bxe5+ Kxe5 47. Kd3 f4 48. g4 Kd6 49. Ba4 Ke5 50. h4 h6 51. f3 Kd5 52. Be8 g5
53. hxg5 hxg5 54. Kc3 Kc5 55. Kb3 1-0

[Event "Essent open"]
[Site "Hoogeveen"]
[Date "2005.10.27"]
[Round "7"]
[White "Van Nies, Pauline"]
[Black "Van der Plas, Rob"]
[Result "0-1"]
[WhiteElo "2063"]
[BlackElo "2211"]
[PlyCount "68"]
[EventDate "2005.10.21"]

1. e4 e6 2. d4 b6 3. c3 Bb7 4. Bd3 g6 5. Nf3 Bg7 6. h4 Nf6 7. e5 Nd5 8. h5 Nc6
9. Ng5 f5 10. h6 Bf8 11. f4 a6 12. Bd2 b5 13. b4 Nb6 14. Rh2 Ne7 15. g4 Nc4 16.
Qe2 Bd5 17. a4 Nb2 18. Bc2 Bc4 19. Qf3 fxg4 20. Qxg4 c6 21. Nxh7 Bd3 22. Nf6+
Kf7 23. Bxd3 Nxd3+ 24. Ke2 Nb2 25. axb5 axb5 26. Rxa8 Qxa8 27. Nxd7 Qa2 28. Nc5
Nf5 29. Qg1 Rxh6 30. Rxh6 Bxh6 31. Qc1 Nc4 32. Nd3 g5 33. Kf3 Qxb1 34. fxg5
Qxd3+ 0-1

[Event "Essent open"]
[Site "Hoogeveen"]
[Date "2005.10.27"]
[Round "7"]
[White "Archangelsky, Mikhail"]
[Black "Van Geffen, Ben"]
[Result "0-1"]
[WhiteElo "2293"]
[BlackElo "2118"]
[PlyCount "70"]
[EventDate "2005.10.21"]

1. d4 c5 2. d5 d6 3. e4 Nf6 4. Nc3 g6 5. Nf3 Bg7 6. Be2 O-O 7. O-O Na6 8. h3
Nc7 9. Re1 a6 10. a4 b6 11. Bf4 Bb7 12. Bc4 Qd7 13. Qd3 Rab8 14. Rad1 Bc8 15.
e5 Nh5 16. Bh2 b5 17. axb5 axb5 18. Ba2 f5 19. exf6 Nxf6 20. Qe3 Re8 21. Ne5
dxe5 22. d6+ Ne6 23. Qxe5 exd6 24. Rxd6 Qf7 25. Rxe6 Bxe6 26. Bxe6 Qxe6 27.
Qxe6+ Rxe6 28. Rxe6 Ra8 29. g4 b4 30. Ne2 Ra2 31. Be5 Kf7 32. Rc6 Ne8 33. Bxg7
Nxg7 34. Rxc5 Ne6 35. b3 Nxc5 0-1

[Event "Essent open"]
[Site "Hoogeveen"]
[Date "2005.10.27"]
[Round "7"]
[White "Vogel, Jaap"]
[Black "Van der Veen, Jan"]
[Result "1/2-1/2"]
[WhiteElo "2261"]
[BlackElo "2196"]
[PlyCount "65"]
[EventDate "2005.10.21"]

1. Nf3 Nf6 2. c4 g6 3. g3 Bg7 4. Bg2 O-O 5. O-O d6 6. d4 Nc6 7. Nc3 Rb8 8. h3
a6 9. Be3 b5 10. Nd2 Bd7 11. Rc1 e6 12. b3 Ne7 13. Bg5 h6 14. Bxf6 Bxf6 15. Nf3
Bg7 16. e4 f5 17. Qe2 b4 18. Na4 Re8 19. e5 dxe5 20. dxe5 Bxa4 21. bxa4 c5 22.
Rfd1 Qc7 23. Rd6 Nc6 24. Rcd1 Rbd8 25. Qe3 Nxe5 26. Rxd8 Nxf3+ 27. Bxf3 Rxd8
28. Qxe6+ Kh7 29. Bd5 a5 30. Re1 h5 31. Kg2 Rd7 32. Kf3 Qd8 33. h4 1/2-1/2

[Event "Essent open"]
[Site "Hoogeveen"]
[Date "2005.10.27"]
[Round "7"]
[White "Cako, Laszlo"]
[Black "Jelic, Bruno"]
[Result "1-0"]
[WhiteElo "2193"]
[BlackElo "2104"]
[PlyCount "63"]
[EventDate "2005.10.21"]

1. e4 c5 2. Nf3 d6 3. d4 cxd4 4. Nxd4 Nf6 5. Nc3 g6 6. Be3 Bg7 7. f3 O-O 8. Qd2
Nc6 9. O-O-O d5 10. Qe1 e5 11. Nxc6 bxc6 12. exd5 Nxd5 13. Bc4 Be6 14. Ne4 Qc7
15. Bc5 Rfd8 16. h4 h6 17. g4 f5 18. gxf5 gxf5 19. Ng3 Qf7 20. Qa5 Rd7 21. Rhg1
Rad8 22. Bb3 Kh7 23. c4 Nf4 24. Qxd8 Rxd8 25. Rxd8 Bxc4 26. Bc2 e4 27. fxe4 Ne6
28. Nxf5 Bxb2+ 29. Kxb2 Nxd8 30. e5 Kh8 31. Be7 Be6 32. Bf6+ 1-0

[Event "Essent open"]
[Site "Hoogeveen"]
[Date "2005.10.27"]
[Round "7"]
[White "Woudt, Edwin"]
[Black "Dougherty, Michael J"]
[Result "1/2-1/2"]
[WhiteElo "2103"]
[BlackElo "2212"]
[PlyCount "92"]
[EventDate "2005.10.21"]

1. e4 c5 2. Nf3 d6 3. d4 cxd4 4. Qxd4 a6 5. c4 Nc6 6. Qd2 Nf6 7. Nc3 g6 8. b3
Bg7 9. Bb2 O-O 10. h3 Nd7 11. Be2 Nc5 12. O-O f5 13. exf5 gxf5 14. Rad1 b6 15.
Ng5 e6 16. Bf3 Bb7 17. b4 Nxb4 18. Bxb7 Ra7 19. Bf3 Bh6 20. h4 Bxg5 21. hxg5
Nbd3 22. Ba3 Ne5 23. Qe3 Nxc4 24. Qc1 Nxa3 25. Qxa3 Rg7 26. Qc1 d5 27. Nxd5
exd5 28. Bxd5+ Kh8 29. f4 Qc7 30. Rfe1 Na4 31. Qxc7 Rxc7 32. Bb3 Nc5 33. Rd6 b5
34. Re5 a5 35. Bc2 b4 36. Bxf5 a4 37. g4 b3 38. axb3 a3 39. Rxc5 Rxc5 40. Ra6
h5 41. Rxa3 hxg4 42. Bxg4 Rxf4 43. Bh3 Rxg5+ 44. Bg2 Rg3 45. Ra4 Rxa4 46. bxa4
Ra3 1/2-1/2

[Event "Essent open"]
[Site "Hoogeveen"]
[Date "2005.10.27"]
[Round "7"]
[White "Hendriks, Peter"]
[Black "Drost, Peter"]
[Result "1/2-1/2"]
[WhiteElo "2121"]
[BlackElo "2190"]
[PlyCount "142"]
[EventDate "2005.10.21"]

1. f4 d5 2. Nf3 g6 3. e3 Bg7 4. d4 Nf6 5. Bd3 O-O 6. O-O b6 7. Qe2 c5 8. c3 a5
9. Na3 Ba6 10. Bxa6 Nxa6 11. Nb5 Nc7 12. Nxc7 Qxc7 13. a4 c4 14. Qc2 Rfc8 15.
Bd2 Ne4 16. Rfb1 Nd6 17. Be1 f6 18. Bg3 Qc6 19. Nd2 Nf5 20. Bf2 Bh6 21. g4 Nd6
22. Nf1 Ne4 23. Ng3 Nxg3 24. Bxg3 Qe6 25. Qe2 Qe4 26. Kf2 e5 27. Qf3 exf4 28.
Bxf4 Qxf3+ 29. Kxf3 Bxf4 30. exf4 Re8 31. b4 cxb3 32. Rxb3 Rac8 33. Rxb6 Rxc3+
34. Kf2 Rc2+ 35. Kf3 Rce2 36. Ra3 Rxh2 37. Kg3 Ree2 38. Rab3 Reg2+ 39. Kf3 Rd2
40. Kg3 Rhg2+ 41. Kh4 Rh2+ 42. Kg3 Rhe2 43. Rb7 Rxd4 44. Ra7 Rb4 45. Rc3 Rc4
46. Rb3 Rec2 47. Rb8+ Rc8 48. Rxc8+ Rxc8 49. Rxa5 Rd8 50. g5 f5 51. Kf3 Rd7 52.
Ra8+ Kf7 53. Rh8 Ke6 54. Re8+ Kd6 55. Ra8 Rb7 56. Rd8+ Kc6 57. Rc8+ Kd7 58. Rh8
Ke6 59. Re8+ Re7 60. Ra8 Rd7 61. Ra6+ Kf7 62. Ra8 Kg7 63. Rb8 h5 64. gxh6+ Kxh6
65. Rh8+ Kg7 66. Ra8 Kf7 67. Ra6 Rb7 68. Rd6 Rb3+ 69. Ke2 Rb2+ 70. Ke3 Rb3+ 71.
Ke2 Rb2+ 1/2-1/2

[Event "Essent open"]
[Site "Hoogeveen"]
[Date "2005.10.27"]
[Round "7"]
[White "Schelwokat, Peter"]
[Black "Van Weersel, Arlette"]
[Result "0-1"]
[WhiteElo "2076"]
[BlackElo "2174"]
[PlyCount "52"]
[EventDate "2005.10.21"]

1. e4 e5 2. Nf3 Nf6 3. Nc3 Nc6 4. a3 d6 5. h3 Be7 6. Bc4 O-O 7. d3 Be6 8. Nd5
Nb8 9. Nxe7+ Qxe7 10. Bxe6 fxe6 11. O-O Nc6 12. c3 Rad8 13. Qb3 b6 14. Bg5 h6
15. Be3 Rf7 16. Rad1 Rdf8 17. Nh4 Kh7 18. Nf3 Nh5 19. Qb5 Nb8 20. d4 Nf4 21.
Bxf4 Rxf4 22. dxe5 Rxf3 23. gxf3 Qg5+ 24. Kh1 Qh5 25. Rd3 Qxh3+ 26. Kg1 Rf4 0-1

[Event "Essent open"]
[Site "Hoogeveen"]
[Date "2005.10.28"]
[Round "8"]
[White "Rozentalis, Eduardas"]
[Black "Baklan, Vladimir"]
[Result "1/2-1/2"]
[WhiteElo "2585"]
[BlackElo "2590"]
[PlyCount "36"]
[EventDate "2005.10.21"]

1. e4 c5 2. c3 Nf6 3. e5 Nd5 4. Nf3 Nc6 5. Bc4 Nb6 6. Bb3 d5 7. exd6 Qxd6 8.
O-O Be6 9. Qe2 Bxb3 10. axb3 Rd8 11. Qb5 Rd7 12. Na3 e6 13. Nc4 Nxc4 14. bxc4
a6 15. Qa4 Qd3 16. Ne1 Qe2 17. Nf3 Qd3 18. Ne1 Qe2 1/2-1/2

[Event "Essent open"]
[Site "Hoogeveen"]
[Date "2005.10.28"]
[Round "8"]
[White "Brodsky, Michail"]
[Black "Nijboer, Friso"]
[Result "1/2-1/2"]
[WhiteElo "2564"]
[BlackElo "2545"]
[PlyCount "72"]
[EventDate "2005.10.21"]

1. d4 Nf6 2. c4 g6 3. Nc3 Bg7 4. e4 d6 5. Be2 O-O 6. Nf3 e5 7. Be3 Ng4 8. Bg5
f6 9. Bh4 g5 10. Bg3 Nh6 11. d5 Nd7 12. Nd2 f5 13. exf5 Nf6 14. Nde4 Nxe4 15.
Nxe4 Bxf5 16. Bd3 g4 17. Qe2 Qe8 18. O-O-O Qe7 19. h3 gxh3 20. gxh3 a6 21. Kb1
Kh8 22. f3 b5 23. h4 bxc4 24. Bxc4 a5 25. Ka1 Bd7 26. Bf2 Nf5 27. Rc1 a4 28.
Bd3 a3 29. Rxc7 axb2+ 30. Qxb2 Rfb8 31. Rb7 Qd8 32. Rc1 Rxb7 33. Qxb7 Rb8 34.
Qc7 Qe8 35. Rc3 Rc8 36. Qa5 Ra8 1/2-1/2

[Event "Essent open"]
[Site "Hoogeveen"]
[Date "2005.10.28"]
[Round "8"]
[White "Kolev, Atanas"]
[Black "Goloshchapov, Alexander"]
[Result "0-1"]
[WhiteElo "2559"]
[BlackElo "2523"]
[PlyCount "56"]
[EventDate "2005.10.21"]

1. e4 c5 2. Nf3 Nc6 3. d4 cxd4 4. Nxd4 Nf6 5. Nc3 d6 6. Bg5 e6 7. Qd2 Qb6 8.
Bxf6 gxf6 9. Nb3 a6 10. O-O-O Bd7 11. f4 O-O-O 12. Be2 Rg8 13. Bh5 Rg7 14. Rhf1
Na5 15. Qe2 Kb8 16. Kb1 Rc8 17. Rf3 Be7 18. g3 Nc4 19. Rd4 Bb5 20. Qd1 f5 21.
exf5 Bf6 22. Re4 d5 23. Re1 {Diagram #} Na3+ 24. Ka1 d4 25. bxa3 d3 26. Re5
Rxc3 27. cxd3 Bc6 28. Rfe3 Qxe3 0-1

[Event "Essent open"]
[Site "Hoogeveen"]
[Date "2005.10.28"]
[Round "8"]
[White "Rothuis, Vincent"]
[Black "Cebalo, Miso"]
[Result "0-1"]
[WhiteElo "2313"]
[BlackElo "2512"]
[PlyCount "72"]
[EventDate "2005.10.21"]

1. e4 c5 2. Nf3 d6 3. d4 cxd4 4. Nxd4 Nf6 5. Nc3 g6 6. Be3 Bg7 7. f3 O-O 8. Qd2
Nc6 9. O-O-O d5 10. exd5 Nxd5 11. Nxc6 bxc6 12. Bd4 e5 13. Bc5 Be6 14. Ne4 Re8
15. h4 h6 16. g4 Qc7 17. Bd6 Qb6 18. Bc5 Qc7 19. Bd6 Qd7 20. Ba3 Red8 21. Bc4
Qc7 22. Qf2 Nf4 23. Bxe6 Nxe6 24. g5 h5 25. Rxd8+ Rxd8 26. Rd1 Rd5 27. Bb4 Qb7
28. Bc3 Qa6 29. a3 Nd4 30. Bxd4 exd4 31. Qd2 c5 32. Qf4 Be5 33. Nf6+ Bxf6 34.
gxf6 Rf5 35. Qc7 Qxf6 36. Qxa7 Qxh4 0-1